书目信息 |
| 题名: |
平面三角双基训练
|
|
| 作者: | 翟连林 主编 | |
| 分册: | ||
| 出版信息: | 北京 中国农业机械出版社 1983 |
|
| 页数: | 695页 | |
| 开本: | 19cm | |
| 丛书名: | 数学自学丛书 | |
| 单 册: | ||
| 中图分类: | O124.1 | |
| 科图分类: | ||
| 主题词: | 平面三角--自学参考资料 | |
| 电子资源: | ||
| ISBN: | ||
| 000 | 00715nam2 2200253 45 | |
| 001 | 0183012186 | |
| 005 | 20060327145117.73 | |
| 010 | @dCNY1.80 | |
| 091 | @a7216.43 | |
| 100 | @a19950314d1983 em y0chiy0121 ea | |
| 101 | 0 | @achi |
| 102 | @aCN@b110000 | |
| 105 | @ay 000yy | |
| 200 | 10 | @a平面三角双基训练@Aping mian san jiao shuang ji xun lian@f翟连林主编@Fzhai lian lin zhu bian |
| 210 | @a北京@c中国农业机械出版社@d1983 | |
| 215 | @a695页@d19cm | |
| 225 | 2 | @a数学自学丛书 |
| 410 | 0 | @120010@a数学自学丛书 |
| 606 | @a平面三角@x自学参考资料 | |
| 690 | @aO124.1@v4 | |
| 701 | 0 | @a翟连林@Azhai lian lin@4主编 |
| 801 | 2 | @aCN@bNLC@c20060327 |
| 801 | 0 | @aCN@b上海图书馆@c20040518 |
| 905 | @dO124.1@e5 | |
| 平面三角双基训练/翟连林主编.-北京:中国农业机械出版社,1983 |
| 695页;19cm.-(数学自学丛书) |
| ISBN :CNY1.80 |
| ● |
| 相关链接 |
|
|
|
|
正题名:平面三角双基训练
索取号:O124.1/5
 
预约/预借
| 序号 | 登录号 | 条形码 | 馆藏地/架位号 | 状态 | 备注 |
| 1 | 0159064 | 202240093 | 密集书库/ [索取号:O124.1/5] | 在馆 | |
| 2 | 0159065 | 001941652 | 第三借阅区/ [索取号:O124.1/5] | 在馆 | |
| 3 | 0159066 | 001242649 | 第二样本阅览室/ [索取号:O124.1/5] | 在馆 | |
| 4 | 0166296 | 001242667 | 第三借阅区/ [索取号:O124.1/5] | 在馆 | |
| 5 | 0166297 | 001242685 | 第三借阅区/ [索取号:O124.1/5] | 在馆 | |
| 6 | 0166298 | 202240100 | 密集书库/ [索取号:O124.1/5] | 在馆 | |
| 7 | 0166299 | 202240119 | 密集书库/ [索取号:O124.1/5] | 在馆 | |
| 8 | 0166300 | 001242676 | 第三借阅区/ [索取号:O124.1/5] | 在馆 |